Score 0/24 Timer 03:00
0 Plays Today
May the Force Be with you % Correct
Luke _________Skywalker
96.6%
_____ VaderDarth
96.4%
___ SoloHan
95.9%
_____saberLight
93.6%
Jabba the ____Hutt
93.2%
Death ____Star
88.8%
Obi-Wan ______Kenobi
87.3%
X-____ FighterWing
82.2%
Jango ____Fett
80%
____ WinduMace
80%
_____ CalrissianLando
77.3%
Cloud ____City/Car
73.1%
May the Force Be with you % Correct
Forest Moon of _____Endor
69.9%
_______ AckbarIt's a trap!!!
69%
Tusken _______Raider
68.6%
______ JinnQui-Gon
67.3%
___ EisleyA wretched hive of scum and villainy!
67.1%
__________ FalconMillennium
60.2%
________ SenateImperial
59.6%
Princess Leia ______Organa
57.7%
Grand ____ TarkinMoff
49.5%
Wedge ________Antilles
44.3%
_____ DarklighterBiggs
26.7%
Salacious _____Crumb
22.8%

Today's Daily Dose

Remove Ads.
Support Sporcle.
Get the best of Sporcle when you Go Orange. This ad-free experience offers more features, more stats, and more fun while also helping to support Sporcle. Thank you for becoming a member.

You're not logged in!

Compare scores with friends on all Sporcle quizzes.
OR
Log In

Show Comments

Extras

Top Quizzes Today


Score Distribution

Your Account Isn't Verified!

In order to create a playlist on Sporcle, you need to verify the email address you used during registration. Go to your Sporcle Settings to finish the process.

Report this User

Report this user for behavior that violates our Community Guidelines.

Details: